000 00646cam a2200217 4500500
005 20260329004723.0
041 _afre
042 _adc
100 1 0 _aN’Diaye, Aïda
_eauthor
245 0 0 _aJoseph Kabris ou les possibilités d’une vie. 1780-1822
260 _c2020.
500 _a55
690 _aAltérité
690 _aDéterminisme
690 _aPolynésie
690 _aSauvage
690 _aTatouage
690 _aVoyage
786 0 _nPhilosophie magazine | 145 | 1 | 2020-12-01 | p. 90-90 | 1951-1787
856 4 1 _uhttps://shs.cairn.info/magazine-philosophie-magazine-2020-12-1-page-90?lang=fr&redirect-ssocas=7080
999 _c1836627
_d1836627